Television Quiz

Random Television or WWE Quiz

Digimon and wwe finisher Quiz Stats

 Plays Quiz not verified by Sporcle

Score 0/13 Timer 19:00
1 Play Today
Question Answer Wrong Answers
Flame Driver and Tombstone Piledriver Undertaker And Agumon
100%
Blue Lightning and Running Powerslam Gabumon And Lashley
100%
Holy Bomb And Orange Crush Patamon And Trevor Lee
99.8%
Tamers Cutter And TKO Tailmon And Test
99.8%
Dark Secret And Gory Bomb BlackTailmon And Chavo Guerrero
99.8%
Air Twister and Flatliner Biyomon And Kanyon
99.8%
V-Driver And Michinoku Driver Veemon And Taka Michinoku
99.8%
Thor's Suplex And T-Bone Suplex Tentomon And Shelton Benjamin
99.8%
Feather Slash And Anviliner Hawkmon And Jim Neidhart
99.8%
Poison Ivy And Ankle Lock Palmon and Kurt Angle
99.8%
Golden Drop And Sitout Side Slam Spinebuster Armadillomon And Lance Cade
99.8%
Snow Pole And Snow Plow Gomamon And Al Snow
99.8%
Sting Stretch And Black Widow Wormmon And AJ Lee
99.6%

You're not logged in!

Compare scores with friends on all Sporcle quizzes.
OR
Log In

You Might Also Like...

Show Comments

Extras

Top Quizzes Today


Score Distribution

Your Account Isn't Verified!

In order to create a playlist on Sporcle, you need to verify the email address you used during registration. Go to your Sporcle Settings to finish the process.

Report this User

Report this user for behavior that violates our Community Guidelines.

Details: